| 000 | 01683nam a2200241Ia 4500 | ||
|---|---|---|---|
| 008 | 260220t1981||||xx |||||||||||||| ||spa|| | ||
| 020 | _a8427806795 | ||
| 040 |
_aPY-SlUNAC _bspa _erda |
||
| 041 | _aspa | ||
| 082 |
_a600 _bM965m |
||
| 245 | 0 | _aEl mundo de la ciencia | |
| 264 |
_aBarcelona : _bNauta, _c℗1981. |
||
| 300 | _a1 volumen | ||
| 520 | _a"El mundo de la ciencia" es una obra que explora la interrelación entre la ciencia y la sociedad, destacando el impacto de los avances científicos en la vida cotidiana y en la cultura. A través de un enfoque multidisciplinario, el autor analiza cómo el conocimiento científico ha transformado la percepción del mundo y ha influido en la toma de decisiones en diversos ámbitos, desde la política hasta la ética. Se abordan temas como el método científico, la importancia de la investigación, y el papel de la educación en la difusión del conocimiento. Además, el libro discute las tensiones entre la ciencia y las creencias populares, así como los desafíos que enfrenta la comunidad científica en un contexto de creciente desinformación. Al final, se invita al lector a reflexionar sobre la responsabilidad social de los científicos y la necesidad de una comunicación efectiva de la ciencia para fomentar una sociedad más informada y crítica. La obra es un llamado a valorar la ciencia como un pilar fundamental del progreso humano. | ||
| 653 | _aCiencia | ||
| 653 | _aDivulgación científica | ||
| 653 | _aHistoria de la ciencia | ||
| 942 |
_b2026/02/17 _cBK |
||
| 999 |
_c8383 _d8383 |
||